000 00419nam a2200205Ia 4500
001 004102
003 YMCAF
005 20230512160245.0
008 100717s1972 ||||||||||||||||| ||und|d
024 _a4102
035 _a4106
040 _aYMCAF
_beng
_cIN-KoLT
041 _aeng
082 _aINS-JON
100 _aJONES E.B.
245 0 _aINSTRUMENT TECH.
260 _c1972
300 _a402
942 _2ddc
_cBK
999 _c3270
_d3270